[Event "Mont de Marsan op"]
[Site "Mont de Marsan"]
[Date "2005.12.27"]
[Round "4"]
[White "Verant, Frederic"]
[Black "Lapeyre, Pierre"]
[Result "1/2-1/2"]
[WhiteElo "1856"]
[BlackElo "2082"]
[PlyCount "111"]
[EventDate "2005.12.26"]
[EventType "swiss"]
[EventRounds "7"]
[EventCountry "FRA"]
[SourceTitle "CBM 110 Extra"]
[Source "ChessBase"]
[SourceDate "2006.03.10"]
[SourceVersion "2"]
[SourceVersionDate "2006.03.10"]
[SourceQuality "1"]

1. d4 f5 2. Nc3 d5 3. f3 Nf6 4. Bg5 c6 5. Bxf6 exf6 6. e4 dxe4 7. fxe4 Bb4 8. exf5 Bxf5 9. Bc4 Nd7 10. Qe2+ Qe7 11. Qxe7+ Bxe7 12. 0-0-0 Nb6 13. Bb3 0-0-0 14. Nf3 Bd6 15. Rhe1 Rhe8 16. Bf7 Rxe1 17. Rxe1 Bg4 18. Be6+ Bxe6 19. Rxe6 Kd7 20. Re4 g5 21. b3 a5 22. Ne2 Re8 23. Rxe8 Kxe8 24. h3 h5 25. c4 Ba3+ 26. Kc2 h4 27. Nc3 Be7 28. Kd3 Kf7 29. Ke4 Kg6 30. Ne2 Nc8 31. c5 b6 32. cxb6 Nxb6 33. Nd2 a4 34. Nc4 axb3 35. axb3 Nd7 36. Ne3 Nb6 37. Nf5 Bb4 38. Ne3 Bd2 39. Nc4 Nxc4 40. bxc4 Ba5 41. d5 cxd5+ 42. Kxd5 Kf5 43. c5 g4 44. hxg4+ Kxg4 45. Ke4 f5+ 46. Ke3 Bc7 47. Kf2 f4 48. Nd4 Be5 49. Ne6 Kf5 50. Nd8 Kg4 51. c6 Kf5 52. Kf3 Bc7 53. Nb7 Bb6 54. Nd6+ Ke6 55. Ne4 Ke5 56. Nc3 1/2-1/2

[Event "Creon op 8th"]
[Site "Creon"]
[Date "2003.07.30"]
[Round "5"]
[White "Dumitrache, Dragos Nicolae"]
[Black "Lapeyre, Pierre"]
[Result "1-0"]
[WhiteElo "2492"]
[BlackElo "2083"]
[PlyCount "79"]
[EventDate "2003.07.28"]
[EventType "swiss"]
[EventRounds "9"]
[EventCountry "FRA"]
[SourceTitle "CBM 095 Extra"]
[Source "ChessBase"]
[SourceDate "2003.09.04"]
[SourceVersion "1"]
[SourceVersionDate "2003.09.04"]
[SourceQuality "1"]

1. d4 e6 2. c4 f5 3. Nf3 Nf6 4. g3 Be7 5. Bg2 0-0 6. 0-0 d6 7. b3 Ne4 8. Bb2 Bf6 9. Nc3 Nc6 10. Rc1 Nxc3 11. Bxc3 e5 12. d5 Ne7 13. b4 g5 14. c5 g4 15. Nd2 Bd7 16. cxd6 cxd6 17. Nc4 Be8 18. a4 Rc8 19. Na5 Rc7 20. Bd2 Ng6 21. Rxc7 Qxc7 22. Qb3 Bd7 23. Rc1 Qb8 24. b5 e4 25. Bb4 Ne5 26. Nc6 bxc6 27. dxc6+ Rf7 28. cxd7 Nxd7 29. Qe6 Be5 30. Rc6 Nf8 31. Qd5 Nd7 32. Bxd6 Bxd6 33. Rxd6 Qc7 34. Bf1 Nb6 35. Rd8+ Kg7 36. Qd4+ Kg6 37. Rd6+ Kh5 38. a5 Nc8 39. Rc6 Qb7 40. Qc4 1-0

[Event "Checy op 1st"]
[Site "Checy"]
[Date "2002.05.20"]
[Round "5"]
[White "Lapeyre, Pierre"]
[Black "Pytel, Krzysztof"]
[Result "0-1"]
[WhiteElo "2054"]
[BlackElo "2420"]
[PlyCount "104"]
[EventDate "2002.05.18"]
[EventType "swiss"]
[EventRounds "6"]
[EventCountry "FRA"]
[SourceTitle "CBM 088 Extra"]
[Source "ChessBase"]
[SourceDate "2002.07.01"]
[SourceVersion "2"]
[SourceVersionDate "2002.07.01"]
[SourceQuality "1"]

1. d4 Nf6 2. Nf3 e6 3. e3 b6 4. Bd3 Bb7 5. Nbd2 c5 6. b3 cxd4 7. exd4 Be7 8. Bb2 0-0 9. 0-0 Re8 10. Re1 Bf8 11. Ne5 d6 12. Ng4 Nbd7 13. c4 Nxg4 14. Qxg4 g6 15. Nf3 Bg7 16. Qg3 Nf6 17. Rad1 Nh5 18. Qg4 f5 19. Qg5 Bxf3 20. Qxd8 Raxd8 21. gxf3 Kf7 22. Bf1 Nf6 23. Re2 Nd7 24. Bg2 Bh6 25. Ba3 Bf4 26. Ree1 d5 27. Bf1 dxc4 28. Bxc4 Nf6 29. Bb5 Rg8 30. Bc1 Nd5 31. Bxf4 Nxf4 32. Rc1 Rc8 33. Ba6 Rxc1 34. Rxc1 Re8 35. Rc6 Kf6 36. Rd6 Ke7 37. Rc6 Rd8 38. Rc7+ Rd7 39. Rxd7+ Kxd7 40. a4 Kd6 41. Bc4 e5 42. dxe5+ Kxe5 43. Kf1 Kd4 44. h4 h6 45. Bf7 a5 46. Be8 Kc3 47. Bf7 g5 48. hxg5 hxg5 49. Kg1 Ne2+ 50. Kg2 Nd4 51. Kg3 Nxb3 52. f4 g4 0-1